Indice de Precios al consumidor enero 1995 100: enlaces de series

Guardat en:
Dades bibliogràfiques
Autor corporatiu: Costa Rica. Ministerio de Economía, Industria y Comercio. Dirección General de Estadistica y Censos
Format: Text
Publicat: San José: MEIC
Etiquetes: Afegir etiqueta
Sense etiquetes, Sigues el primer a etiquetar aquest registre!

MARC

LEADER 00000 a a2200000 04500
001 25741
003
040 |a CRAI/IIS  |c CRAI/IIS 
090 |a 173600  
110 |a Costa Rica. Ministerio de Economía, Industria y Comercio. Dirección General de Estadistica y Censos  
245 |a Indice de Precios al consumidor enero 1995 100: enlaces de series  
260 |a San José:   |b MEIC  
300 |a 14 p   |b **no definido**  
999 |c 7817  |d 7817